Vývoj pulzoximetra

Gespeichert in:
Bibliographische Detailangaben
1. Verfasser: Tóth, Juraj (Verfasst von)
Weitere Verfasser: Vavrinský, Erik (Betreuung Doktorarbeit)
Format: Manuskript Buch
Sprache:Slowakisch
Veröffentlicht: 2016
Schlagworte:
Online-Zugang:http://is.stuba.sk/zp/portal_zp.pl?podrobnosti=131062
Tags: Tag hinzufügen
Keine Tags, Fügen Sie das erste Tag hinzu!

MARC

LEADER 00000ntm a22000003a 4500
001 stuzp51823
003 SK-STU
005 20160721115335.7
007 ta
008 150427s2015----xo-----f-mn---000-0-slo-d
040 |a STU  |b slo 
041 0 |a slo 
044 |a xo 
100 1 |a Tóth, Juraj  |u 033000  |k Z4  |4 aut  |U FEI Fakulta elektrotechniky a informatiky  |T FEI Ústav elektroniky a fotoniky  |X 49998  |U E030  |Y 549  |7 A000049998 
242 0 1 |a DEVELOPMENT OF PULSE OXIMETER  |y eng 
245 1 0 |a Vývoj pulzoximetra 
260 |c 2016 
300 |a 57 s., príl.,  |b CD-ROM 
650 4 |a pulzoximeter  |2 slo 
650 4 |a návrh  |2 slo 
650 4 |a senzor  |2 slo 
650 4 |a pulse oximeter  |2 eng 
650 4 |a create  |2 eng 
650 4 |a sensor  |2 eng 
700 1 |a Vavrinský, Erik  |u 033000  |k Z1  |4 ths  |U FEI Fakulta elektrotechniky a informatiky  |T FEI Ústav elektroniky a fotoniky  |X 2614  |U E030  |Y 549  |7 A000002614 
856 4 |u http://is.stuba.sk/zp/portal_zp.pl?podrobnosti=131062 
996 |b 284EP11350  |c E*DIPL- 11350  |l EE33  |s P  |a 0  |w stuzp51823_0001 
SQL |a stuzp51823  |b DDP  |c SLO  |d Vývoj pulzoximetra  |e 49998  |f Tóth, Juraj  |g 033000  |h 2614  |i Vavrinský, Erik  |j 20160614  |k 1172  |l 03  |m http://is.stuba.sk/zp/portal_zp.pl?podrobnosti=131062  |n I-EN  |o 5.2.13. elektronika